000 00875nam a2200265 a 4500
001 000006223
003 DO-SdBNP
005 20250120101040.0
008 090827s2001 dr a 001 0 spa d
040 _aDO-SdBNP
_bspa
_cBNPHU
049 _aBNPD
100 1 _aEspaillat, Teresa,
_d1943-
_916869
245 1 0 _aFormación del profesorado :
_bcambios sociales y práctica docente. /
_cTeresa Espaillat, Milagros Concepción Calderón.
264 _aSanto Domingo :
_bGamma,
_c2001.
300 _a94 paginas ;
_c21 cm.
336 _2rdacontent
_atexto
_btxt
337 _2rdamedia
_asin mediación
_bn
338 _2rdacarrier
_avolumen
_bnc
500 _aIncluye datos biográficos del las autoras
504 _aIncluye bibliografía (p. 92-94)
590 _aInventariado, 2023/DG
700 1 _aConcepción Calderón, Milagros
_912354
910 _aDG
942 _2ddc
_cLBS1
999 _c6018
_d6018